000 01006nam a22002657a 4500
999 _c65836
_d65836
005 20240530110845.0
008 200912s2020 ua a f b 000 0dara d
017 _a2019/5820
_bمصر. دار الكتب
020 _a9789778123852
040 _aEG-CaGPL
_cEG-CaGPL
082 0 4 _221
_a327.16\
_bج م
100 0 _aجهاد عوده
245 1 0 _aمدخل للصراع الدولى على الفضاء الخارجى /
_cجهاد عوده
250 _aط.1
260 _aالقاهرة :
_bالمكتب العربى للمعارف،
_c2020
300 _a615 ص. ؛
_c24 سم.
504 _aيشتمل على ارجاعات ببليوجرافية
650 0 7 _2qrmak
_aالاقمار الصناعية
650 0 7 _aالمركبات الفضائية
650 0 7 _aالمركبة سويوز
651 0 7 _aايران
_xالاقمار الصناعية
_2qrmak
651 0 7 _xتركيا
_2الاقمار الصناعية
942 _2ddc
_cBK